Natural language interfaces to databases / (Record no. 51307)

MARC details
000 -LEADER
fixed length control field 00622nam a2200229Ia 4500
005 - DATE AND TIME OF LATEST TRANSACTION
control field 20260429111907.0
008 - FIXED-LENGTH DATA ELEMENTS--GENERAL INFORMATION
fixed length control field 260429s9999||||xx |||||||||||||| ||und||
020 ## - INTERNATIONAL STANDARD BOOK NUMBER
International Standard Book Number 9783031450426
041 ## - LANGUAGE CODE
Language English
082 ## - DEWEY DECIMAL CLASSIFICATION NUMBER
Classification number 005.74
Item number LI
100 ## - MAIN ENTRY--PERSONAL NAME
Personal name Li, Yunyao
245 #0 - TITLE STATEMENT
Title Natural language interfaces to databases /
Statement of responsibility, etc Yunyao Li
260 ## - PUBLICATION, DISTRIBUTION, ETC. (IMPRINT)
Place of publication, distribution, etc Switzerland :
Name of publisher, distributor, etc Springer,
Date of publication, distribution, etc 2024.
300 ## - PHYSICAL DESCRIPTION
Extent xix, 236 p.; hb
440 ## - SERIES STATEMENT/ADDED ENTRY--TITLE
Title Synthesis lectures on data management
650 ## - SUBJECT ADDED ENTRY--TOPICAL TERM
Topical term or geographic name as entry element Data management
650 ## - SUBJECT ADDED ENTRY--TOPICAL TERM
Topical term or geographic name as entry element Interfaces
650 ## - SUBJECT ADDED ENTRY--TOPICAL TERM
Topical term or geographic name as entry element Databases
700 ## - ADDED ENTRY--PERSONAL NAME
Personal name Radev, Dragomir
700 ## - ADDED ENTRY--PERSONAL NAME
Personal name Rafiei, Davood
942 ## - ADDED ENTRY ELEMENTS (KOHA)
Koha item type Text Books
Holdings
Withdrawn status Lost status Damaged status Not for loan Collection code Home library Location Shelving location Date of Cataloging Source of acquisition Total Checkouts Full call number Barcode Date last seen Price effective from Koha item type
        Non-fiction CUTN Central Library CUTN Central Library Generalia 29/04/2026 Shanti Books, Chennai - Invoice No. 3099 on 09-02-2026   005.74 LI 56248 29/04/2026 29/04/2026 Text Books